000 00566nam a2200205Ia 4500
003 0100
005 20161004113644.0
008 130303s9999 xx 000 0 und d
040 _cARRUPELIB
050 _aBT10.B47
245 _aBiblical revelation and African beliefs
260 _aLondon
260 _bLutterworth
300 _a191p.
300 _b 23cm.
650 _bTheology, Doctrinal
_xAddresses
_926416
650 _bAfrica
_xReligion
_xAddresses
_926417
700 _aedited by Kwesi A. Dickson , Dickson, Kwesi A
_926418
942 _2lcc
_cMONOGRAPH
999 _c34351
_d34351